000 00674nam a2200217 a 4500
005 20210219153007.0
008 991125n 000 0 spa u
035 _aUPN01000071812
100 _aGARCIA, Rolando
222 _aEDUCACION :
_bREVISTA DEL CONSEJO NACIONAL TECNICO DE LA EDUCACION
245 _aEl desarrollo del sistema cognitivo y la enseñanza de las ciencias
300 _a33-57
362 _a1982 4a. época, Vol. 8, no. 42 oct.-dic.
653 0 _aCIENCIAS
653 0 _aENSEÑANZA
653 0 _aPIAGET, Jean, 1896-1980
653 0 _aPROCESO COGNOSCITIVO
653 0 _aPROCESO ENSEÑANZA-APRENDIZAJE
904 _aAC
_b009623
905 _aArticulo
999 _c65741
_d65741